<?xml version="1.0" encoding="UTF-8"?>
<record
    xmlns:xsi="http://www.w3.org/2001/XMLSchema-instance"
    xsi:schemaLocation="http://www.loc.gov/MARC21/slim http://www.loc.gov/standards/marcxml/schema/MARC21slim.xsd"
    xmlns="http://www.loc.gov/MARC21/slim">

  <leader>01707nam a2200361 i 4500</leader>
  <controlfield tag="001">nkc20213347024</controlfield>
  <controlfield tag="003">CZ PrSKC</controlfield>
  <controlfield tag="005">20260420085721.0</controlfield>
  <controlfield tag="007">ta</controlfield>
  <controlfield tag="008">210810s2021    xr     g      000 f cze  </controlfield>
  <datafield tag="020" ind1=" " ind2=" ">
    <subfield code="a">9788026916406</subfield>
  </datafield>
  <datafield tag="040" ind1=" " ind2=" ">
    <subfield code="a">ABG001</subfield>
    <subfield code="b">cze</subfield>
    <subfield code="e">rda</subfield>
  </datafield>
  <datafield tag="041" ind1="1" ind2=" ">
    <subfield code="a">cze</subfield>
    <subfield code="h">eng</subfield>
  </datafield>
  <datafield tag="072" ind1=" " ind2="7">
    <subfield code="a">821.111(73)-3</subfield>
    <subfield code="x">Americk&#xE1; pr&#xF3;za</subfield>
    <subfield code="2">Konspekt</subfield>
  </datafield>
  <datafield tag="080" ind1=" " ind2=" ">
    <subfield code="a">821.111(73)-31</subfield>
    <subfield code="2">MRF</subfield>
  </datafield>
  <datafield tag="080" ind1=" " ind2=" ">
    <subfield code="a">(0:82-311.9)</subfield>
    <subfield code="2">MRF</subfield>
  </datafield>
  <datafield tag="100" ind1="1" ind2=" ">
    <subfield code="a">Herbert, Frank,</subfield>
    <subfield code="d">1920-1986</subfield>
    <subfield code="4">aut</subfield>
    <subfield code="9">15274</subfield>
  </datafield>
  <datafield tag="240" ind1="1" ind2="0">
    <subfield code="a">Children of Dune.</subfield>
    <subfield code="l">&#x10C;esky</subfield>
  </datafield>
  <datafield tag="245" ind1="1" ind2="0">
    <subfield code="a">D&#x11B;ti Duny /</subfield>
    <subfield code="c">Frank Herbert ; p&#x159;elo&#x17E;ila: Veronika Volhejnov&#xE1;</subfield>
  </datafield>
  <datafield tag="250" ind1=" " ind2=" ">
    <subfield code="a">Vyd&#xE1;n&#xED; p&#xE1;t&#xE9; (v Baronetu &#x10D;tvrt&#xE9;)</subfield>
  </datafield>
  <datafield tag="264" ind1=" " ind2="1">
    <subfield code="a">Praha :</subfield>
    <subfield code="b">Baronet,</subfield>
    <subfield code="c">2021</subfield>
  </datafield>
  <datafield tag="300" ind1=" " ind2=" ">
    <subfield code="a">432 stran ;</subfield>
    <subfield code="c">21 cm</subfield>
  </datafield>
  <datafield tag="500" ind1=" " ind2=" ">
    <subfield code="a">P&#x159;elo&#x17E;eno z angli&#x10D;tiny</subfield>
  </datafield>
  <datafield tag="500" ind1=" " ind2=" ">
    <subfield code="a">Terminologick&#xFD; slovn&#xED;k</subfield>
  </datafield>
  <datafield tag="520" ind1="2" ind2=" ">
    <subfield code="a">T&#x159;et&#xED; kniha ze sci-fi cyklu o pou&#x161;tn&#xED; planet&#x11B; Duna sleduje &#xFA;sil&#xED; dvou d&#x11B;t&#xED; zem&#x159;el&#xE9;ho vl&#xE1;dce o jej&#xED; z&#xE1;chranu.</subfield>
    <subfield code="b">Nebezpe&#x10D;&#xED; spo&#x10D;&#xED;v&#xE1; v naru&#x161;en&#xE9; ekologick&#xE9; rovnov&#xE1;ze, v n&#xE1;bo&#x17E;ensk&#xE9;m fanatismu a kone&#x10D;n&#x11B; i v touze po moci, kter&#xE1; &#x159;&#xED;d&#xED; skutky jejich poru&#x10D;n&#xED;k&#x16F;. Dvoj&#x10D;ata jsou vybavena schopnost&#xED; vid&#x11B;t do minulosti a z&#xE1;rove&#x148; p&#x159;edv&#xED;dat chov&#xE1;n&#xED; lid&#xED; kolem sebe. Poci&#x165;uj&#xED; zodpov&#x11B;dnost za osud planety a sleduj&#xED; sv&#x16F;j vlastn&#xED; c&#xED;l, jak dos&#xE1;hnout &#xFA;sp&#x11B;chu a z&#x16F;stat p&#x159;itom na&#x17E;ivu. Dobrodru&#x17E;n&#xFD; p&#x159;&#xED;b&#x11B;h je pln&#xFD; intrik, nadp&#x159;irozen&#xFD;ch &#xFA;kaz&#x16F;, spiklenc&#x16F; a fantastick&#xFD;ch tvor&#x16F;.</subfield>
  </datafield>
  <datafield tag="655" ind1=" " ind2="7">
    <subfield code="a">americk&#xE9; rom&#xE1;ny</subfield>
  </datafield>
  <datafield tag="655" ind1=" " ind2="7">
    <subfield code="a">v&#x11B;decko-fantastick&#xE9; rom&#xE1;ny</subfield>
    <subfield code="9">364</subfield>
  </datafield>
  <datafield tag="655" ind1=" " ind2="9">
    <subfield code="a">American fiction</subfield>
  </datafield>
  <datafield tag="655" ind1=" " ind2="9">
    <subfield code="a">science fiction novels</subfield>
    <subfield code="9">365</subfield>
  </datafield>
  <datafield tag="700" ind1="1" ind2=" ">
    <subfield code="a">Volhejnov&#xE1;, Veronika,</subfield>
    <subfield code="d">1962-</subfield>
    <subfield code="4">trl</subfield>
    <subfield code="9">64</subfield>
  </datafield>
  <datafield tag="910" ind1=" " ind2=" ">
    <subfield code="a">ABG508</subfield>
  </datafield>
  <datafield tag="952" ind1=" " ind2=" ">
    <subfield code="1">0</subfield>
    <subfield code="2">udc</subfield>
    <subfield code="4">0</subfield>
    <subfield code="0"></subfield>
  </datafield>
  <datafield tag="999" ind1=" " ind2=" ">
    <subfield code="c">34192</subfield>
    <subfield code="d">34192</subfield>
  </datafield>
</record>
